书目信息 |
| 题名: |
从哥伦布到卡斯特罗
|
|
| 作者: | 威廉斯 著 ;辽宁大学经济系翻译组 译 | |
| 分册: | ||
| 出版信息: | 沈阳 辽宁人民出版社 1976 |
|
| 页数: | 400页 | |
| 开本: | 20cm | |
| 丛书名: | ||
| 单 册: | ||
| 中图分类: | K750 | |
| 科图分类: | ||
| 主题词: | 西印度群岛--历史 , 历史--西印度群岛 | |
| 电子资源: | ||
| ISBN: | ||
| 000 | 00760nam0 2200241 45 | |
| 001 | 0176001512 | |
| 005 | 20060818091822.51 | |
| 010 | @dCNY3.35 | |
| 100 | @a19951019d1976 em y0chiy0121 ea | |
| 101 | 1 | @achi@ceng |
| 102 | @aCN@b210000 | |
| 105 | @af z 000yy | |
| 200 | 10 | @a从哥伦布到卡斯特罗@Acong ge lun bu dao ka si te luo@e加勒比地区史@e1492-1969@f(特立尼达和多巴哥)威廉斯著@g辽宁大学经济系翻译组译 |
| 210 | @a沈阳@c辽宁人民出版社@d1976 | |
| 215 | @a400页@c插图@d20cm | |
| 606 | @a西印度群岛@x历史 | |
| 606 | @a历史@y西印度群岛 | |
| 690 | @aK750@v3 | |
| 701 | 1 | @a威廉斯@Awei lian si@4著 |
| 712 | 02 | @a辽宁大学经济系翻译组@Aliao ning da xue jing ji xi fan yi zu@4译 |
| 801 | 2 | @aCN@bNLC@c20060818 |
| 801 | 0 | @aCN@bTSSF |
| 905 | @a10447@dK750@e5 | |
| 从哥伦布到卡斯特罗:加勒比地区史:1492-1969/(特立尼达和多巴哥)威廉斯著/辽宁大学经济系翻译组译.-沈阳:辽宁人民出版社,1976 |
| 400页:插图;20cm |
| ISBN :CNY3.35 |
| ● |
| 相关链接 |
|
|
|
|
正题名:从哥伦布到卡斯特罗
索取号:K750/5
 
预约/预借
| 序号 | 登录号 | 条形码 | 馆藏地/架位号 | 状态 | 备注 |
| 1 | 0466466 | 204664666 | 密集书库/ [索取号:K750/5] | 在馆 |